Normal view
MARC view
Entry Nombre de reunión
001 - NÚMERO DE CONTROL
- campo de control: 41312
003 - IDENTIFICADOR DE NÚMERO DE CONTROL
- campo de control: OSt
005 - FECHA Y HORA DE LA ÚLTIMA TRANSACCIÓN
- campo de control: 20260415202349.0
008 - ELEMENTOS DE DATO DE LONGITUD-FIJA
- campo de control de longitud fija: 260415|| aca||aabn | a|a d
040 ## - FUENTE DE CATALOGACIÓN
- Centro catalogador/agencia de origen: OSt
- Centro/agencia transcriptor: OSt
111 ## - ENCABEZAMIENTO--NOMBRE DE CONGRESO/REUNIÓN
- Nombre de congreso/reunión o jurisdicción como elemento de entrada: TRADE UNION STRATEGY AND ROLES OF EUROPEAN WORKS COUNCILS IN RESPONSE TO RESTRUCTURING MERGERS RELOCATION AND OUTSOURCING OF THE FOOD AND AGRICULTURE INDUSTRY
- Sede del congreso/Lugar de la reunión: (Barcelona
670 ## - FUENTE DE DATOS ENCONTRADOS
- Cita de la fuente: Work cat.: (OSt)59962: Trade union strategy and roles of European Works Councils in response to restructuring mergers relocation and outsourcing of the food and agriculture industry, 2008]